| 000 | 00000nam 2200000za 4500 |
| 001 | 9.845598 |
| 003 | CaOODSP |
| 005 | 20221107153014 |
| 007 | cr ||||||||||| |
| 008 | 171017s1972 onc oab f000 0 eng d |
| 040 | |aCaOODSP|beng |
| 041 | |aeng|afre |
| 043 | |an-cn--- |
| 086 | 1 |aCS11-506/1971-1-PDF |
| 245 | 00|a1971 Census catalogue |h[electronic resource] : |bpopulation, housing, agriculture / |cStatistics Canada, Census Division. |
| 246 | 14|a1971 Census catalogue : |bpopulation, housing, agriculture, employment |
| 246 | 15|aPublications du Recensement de 1971 : |bpopulation, logement, agriculture |
| 250 | |a1st ed. |
| 260 | |aOttawa : |bInformation Canada, |c1972. |
| 300 | |a37, 37 p. |
| 500 | |a"January 1972." |
| 500 | |aDigitized edition from print [produced by Statistics Canada]. |
| 504 | |aIncludes bibliographical references. |
| 520 | |a“Final results of Canada's Eleventh Decennial Census of 1971 are being issued in a variety of formats. These are described in the following paragraphs. This interim catalogue presents a partial listing of the main results that are to be published in the form of hard copy reports. A complete listing will be available in a later edition”--p. [5]. |
| 530 | |aIssued also in print format. |
| 546 | |aText in English and French. |
| 692 | 07|2gccst|aCensus |
| 692 | 07|2gccst|aCensus data |
| 692 | 07|2gccst|aBibliographies |
| 692 | 07|2gccst|aCatalogues |
| 710 | 1 |aCanada. |bStatistics Canada.|bCensus Division. |
| 792 | |t1971 Census catalogue |efre|w(CaOODSP)9.845601 |
| 794 | |t1971 Census catalogue |w(CaOODSP)9.845602 |
| 856 | 40|qPDF|s6.34 MB|uhttps://publications.gc.ca/collections/collection_2017/statcan/11-506/CS11-506-1971-1.pdf |
| 986 | |a11-506 |